[Event "Nanjing Pearl Spring 3rd"]
[Site "Nanjing"]
[Date "2010.10.26"]
[Round "6"]
[White "Wang, Yue"]
[Black "Anand, Viswanathan"]
[Result "0-1"]
[WhiteElo "2732"]
[BlackElo "2800"]
[Annotator "Moradiabadi,E"]
[PlyCount "102"]
[EventDate "2010.10.20"]
[EventType "tourn"]
[EventRounds "10"]
[EventCountry "CHN"]
[EventCategory "21"]
[SourceTitle "CBM 139"]
[Source "ChessBase"]
[SourceDate "2010.11.18"]
[SourceVersion "1"]
[SourceVersionDate "2010.11.18"]
[SourceQuality "1"]

{A rest day proved to be sufficient for the world champion, however it didn't
appear so for China's number one after a bad 5th round.} 1. d4 Nf6 2. c4 e6 3.
g3 {Once more the Catalan! In the last years it has become popular at all
levels in chess. Everyone from first category players to the very elite seems
to have it in their repertoire!} d5 4. Nf3 Bb4+ $5 {The Closed Catalan. One
should not forget that this was Anand's main weapon against Topalov, so it
should be no surprise that he knows every possible sortie in this variation.}
5. Bd2 Be7 6. Bg2 O-O 7. O-O c6 8. Qc2 b6 9. Bf4 Ba6 10. Ne5 {A rare
continuation.} Nfd7 11. Nd2 Nxe5 12. Bxe5 c5 $5 {Vishy seems ambitious today!
He appears reluctant to go for an equal position with ...Nd7. The bishop on e5
is misplaced, and Anand is trying to take advantage of it by putting his
knight on c6 to have the d4 and e5 squares simultaneously under attack. In the
meantime, he has also weakened the h1-a8 diagonal. A risky decision by the
world champion!} 13. Qa4 $6 {It seems that Wang has overestimated his chances
in this position. This just helps Black to develop his pieces more comfortably.
} (13. dxc5 {was preferable and would open some space for the bishop on e5.}
Nc6 14. Bc3 bxc5 15. cxd5 exd5 16. Qa4 {and White is better.}) 13... Qd7 14.
Qxd7 $2 {But this is too much. The local hero is going astray. Letting the
knight in with an attacking tempo over the bishop on e5? As mentioned earlier,
this doesn't seem to be Wang's tournament.} Nxd7 15. cxd5 exd5 16. Rfe1 Nxe5
17. dxe5 Rad8 18. e3 f6 $1 {Simple and logical. Black's bishop pair and his
center offer him better chances.} 19. f4 $2 {The Chinese GM might have felt
frustrated by his own play. White's position is hopeless now and Anand slowly
but safely converts his advantage.} fxe5 20. fxe5 Bd3 21. Rad1 Bc2 22. Rc1 Bg6
23. h4 Rfe8 24. Nf3 Be4 25. Rcd1 Bf8 26. Re2 g6 27. b3 Bg7 28. Ng5 Bxg2 29.
Kxg2 Rxe5 30. Nf3 Re7 31. Red2 Red7 32. Rd3 h6 33. a4 Kf7 34. Ng1 Ke6 35. Ne2
g5 36. hxg5 hxg5 37. Kf3 Kf5 38. g4+ Ke6 39. Ng3 Rh8 40. Kg2 Rhd8 41. R3d2 Be5
42. Rf2 Bxg3 43. Kxg3 Rf7 44. Rxf7 Kxf7 45. Kf2 Ke6 46. Rh1 c4 47. Rh6+ Ke5 48.
bxc4 dxc4 49. Ke2 c3 50. Rc6 Rd2+ 51. Ke1 Ra2 {A painful defeat for Wang Yue
and a fine comeback for Anand.} 0-1

[Event "EU-ch 6th"]
[Site "Warsaw"]
[Date "2005.06.29"]
[Round "11"]
[White "Andreikin, Dmitry"]
[Black "Stocek, Jiri"]
[Result "0-1"]
[WhiteElo "2495"]
[BlackElo "2585"]
[Annotator "Mueller,Karsten"]
[PlyCount "158"]
[EventDate "2005.06.18"]
[EventType "swiss"]
[EventRounds "13"]
[EventCountry "POL"]
[SourceTitle "CBM 108"]
[Source "ChessBase"]
[SourceDate "2005.09.26"]
[SourceVersion "1"]
[SourceVersionDate "2005.09.26"]
[SourceQuality "1"]

{[%mdl 32768]} 1. d4 Nf6 2. Nf3 e6 3. c4 Bb4+ 4. Bd2 a5 5. e3 b6 6. Bd3 O-O 7.
Nc3 Ba6 8. O-O d5 9. Qe2 Nbd7 10. Rfd1 Rc8 11. a3 Bxc3 12. Bxc3 c5 13. Rac1
cxd4 14. Bxd4 Qc7 15. Bxf6 Nxf6 16. b3 Rfd8 17. Qb2 dxc4 18. Bxc4 Bxc4 19. bxc4
Qxc4 20. Qxb6 Rxd1+ 21. Rxd1 Qd3 22. Qb1 Qxa3 23. h3 h6 24. Nd4 Qb4 25. Qa2 a4
26. Rb1 Qc4 27. Qxc4 Rxc4 28. Rb8+ Kh7 29. Ra8 Ne4 30. f3 Nd6 31. Ra6 Nf5 32.
Nxf5 exf5 33. Kh2 h5 34. f4 g6 35. h4 Kg7 36. Kg3 Kf8 37. Ra7 Ke8 38. Kf3 Rb4
39. Kg3 Kf8 40. Kf3 Kg7 41. Ra6 Rc4 42. Kf2 Rc2+ 43. Kf3 Ra2 44. Rb6 a3 45. Rb3
Kf6 46. Rd3 Ke6 47. Kg3 Ra1 48. Kf2 f6 49. Kg3 a2 50. Ra3 g5 51. fxg5 fxg5 52.
hxg5 h4+ 53. Kh2 Kf7 54. Ra6 Kg7 55. Ra7+ Kg6 56. Ra5 Kh5 57. Ra4 Kxg5 58. Ra6
Kh5 59. Ra5 Kg6 60. Ra6+ Kf7 61. Ra4 Kf6 62. Ra5 Ke6 63. Ra6+ Kd5 64. Ra4 Kc5
65. Ra8 Kc4 66. Ra3 Kb4 67. Ra8 Kc3 68. Ra7 Kd3 69. Ra3+ Ke2 70. Ra7 Kxe3 71.
Ra3+ Kd4 72. Ra4+ Kc5 73. Ra5+ Kb6 74. Ra4 f4 75. Ra3 Kb5 76. Ra8 {[%tqu "De",
"Kann Schwarz die weiße Festung knacken?","","","h4h3","",3]} h3 $1 77. Ra7 (
77. gxh3 f3 78. Kg3 Rg1+ 79. Kxf3 a1=Q 80. Rxa1 Rxa1 81. Kf4 Kc6 82. h4 Kd7 83.
Kf5 Rh1 84. Kg5 Ke7 85. h5 Kf7 $19) (77. Kxh3 Rh1+ 78. Kg4 a1=Q 79. Rxa1 Rxa1
80. Kxf4 Kc6 81. g4 Kd6 82. Kf5 Ke7 83. g5 Kf7 $19) 77... hxg2 78. Kxg2 f3+ 79.
Kf2 Rh1 $1 {Diese Umgehung ist die Pointe.} (79... Rh1 80. Rxa2 Rh2+ $19) 0-1

[Event "POL-ch 60th"]
[Site "Warsaw"]
[Date "2003.04.30"]
[Round "9"]
[White "Krasenkow, Michal"]
[Black "Macieja, Bartlomiej"]
[Result "1-0"]
[WhiteElo "2609"]
[BlackElo "2634"]
[Annotator "Mueller,Karsten"]
[PlyCount "91"]
[EventDate "2003.04.22"]
[EventType "tourn"]
[EventRounds "13"]
[EventCountry "POL"]
[EventCategory "12"]
[SourceTitle "CBM 095"]
[Source "ChessBase"]
[SourceDate "2003.07.25"]
[SourceVersion "1"]
[SourceVersionDate "2003.07.25"]
[SourceQuality "1"]

1. d4 Nf6 2. c4 e6 3. Nf3 Bb4+ 4. Nbd2 b6 5. a3 Bxd2+ 6. Bxd2 Bb7 7. Bg5 d6 8.
e3 Nbd7 9. Qc2 Qe7 10. Rd1 h6 11. Bh4 g5 12. Bg3 Ne4 13. d5 Nxg3 14. hxg3 e5
15. Bd3 Kf8 16. g4 Kg8 17. Nd2 Nf6 18. Bf5 Bc8 19. Bxc8 Rxc8 20. Nf1 Re8 21.
Ng3 Nxg4 22. Nf5 Qf8 23. f3 Nf6 24. e4 a5 25. g4 Rh7 26. Rd2 Kh8 27. Rdh2 Ng8
28. Rh5 f6 29. R1h3 Ree7 30. Qh2 Ref7 31. Kd2 Rfg7 32. Nxh6 Nxh6 33. Rxh6 Qf7
34. Kc3 Rxh6 35. Rxh6+ Rh7 36. Rxh7+ Qxh7 37. Qxh7+ Kxh7 38. Kb3 Kg7 39. Ka4
Kf7 40. c5 $1 {[%mdl 4096] A typical way to break such a defence. Ein
typischer Festungsknacker!} dxc5 41. Kb5 c4 (41... Ke7 42. Kc6 Kd8 43. d6 cxd6
44. Kxd6 c4 45. Kc6 $18 (45. a4 $4 b5 46. axb5 (46. Kc5 c3 47. bxc3 bxa4 48.
Kc4 Kc7 $19) 46... c3 47. bxc3 a4 48. b6 Kc8 $19)) 42. Kc6 a4 43. Kxc7 b5 44.
d6 b4 45. d7 bxa3 46. bxa3 1-0

[Event "EU-ch 6th"]
[Site "Warsaw"]
[Date "2005.06.22"]
[Round "5"]
[White "Graf, Alexander"]
[Black "Kovacevic, Blazimir"]
[Result "1-0"]
[WhiteElo "2632"]
[BlackElo "2510"]
[Annotator "Mueller,Karsten"]
[PlyCount "173"]
[EventDate "2005.06.18"]
[EventType "swiss"]
[EventRounds "13"]
[EventCountry "POL"]
[SourceTitle "CBM 108"]
[Source "ChessBase"]
[SourceDate "2005.09.26"]
[SourceVersion "1"]
[SourceVersionDate "2005.09.26"]
[SourceQuality "1"]

1. d4 e6 2. c4 Bb4+ 3. Bd2 Bxd2+ 4. Qxd2 Nf6 5. Nc3 d5 6. e3 O-O 7. Nf3 Qe7 8.
Rc1 Rd8 9. cxd5 exd5 10. Bd3 Nc6 11. O-O Bg4 12. Be2 Ne4 13. Qd1 Rd6 14. Nd2
Bxe2 15. Qxe2 Nxd2 16. Qxd2 a6 17. Na4 Nd8 18. Nc5 c6 19. b4 Ne6 20. a4 Nxc5
21. Rxc5 Re8 22. Rfc1 Qd7 23. b5 axb5 24. axb5 Rg6 25. bxc6 bxc6 26. Qc2 Ree6
27. Ra1 h6 28. Ra8+ Re8 29. Rca5 Rxa8 30. Rxa8+ Kh7 31. Qb1 h5 32. h4 Qg4 33.
g3 Qe6 34. Kg2 f5 35. Qb8 Rf6 36. Kg1 Rf7 37. Qg8+ Kg6 38. Ra7 Re7 39. Qxe6+
Rxe6 40. Kf1 Kf6 41. Rc7 g5 42. hxg5+ Kxg5 43. Rg7+ Kh6 44. Rg8 Rf6 45. Ke2 Kh7
46. Re8 h4 47. gxh4 f4 48. e4 dxe4 49. Rxe4 Rf5 50. Re5 Rf6 51. Kf3 Kg6 52. Ke4
Rd6 53. f3 Kh6 54. Rf5 Kg6 55. Rxf4 Re6+ 56. Kd3 Kh5 57. Re4 Rg6 58. Re1 Rd6
59. Kc4 Kxh4 60. Rg1 Kh5 61. Rg8 Rd5 62. Re8 Rd6 63. Rg8 Rd5 64. f4 Kh6 65. Re8
Rf5 66. Rg8 Kh7 67. Rg4 Kh6 68. Rg1 Rxf4 69. Kc5 Re4 $2 (69... Kh7 $1 {hätte
den Laden zusammengehalten.}) 70. Rg8 $1 {[%mdl 4096]} Kh7 (70... Rf4 $5 {
war zäher, z.B.} 71. Rd8 Kg7 72. Kxc6 Kf7 73. Kc7 Ke7 74. Rd6 Rf8 75. Rd7+ Kf6
76. Kc6 $1 Rc8+ 77. Rc7 Ra8 78. d5 Ra6+ 79. Kc5 Ra5+ 80. Kd6 Ra6+ 81. Rc6 Ra7
82. Rc5 Kf5 83. Rc1 Ra6+ 84. Kc7 Ke5 85. d6 Ra7+ 86. Kb6 Rd7 87. Kc5 Rd8 88.
Re1+ $18) 71. Rd8 Kg7 72. Kxc6 Kf7 73. d5 $2 (73. Kc7 $1 Ke7 74. Rd6 Rh4 75. d5
Rd4 76. Re6+ Kf7 77. Kd6 Ra4 78. Re1 $18) 73... Ke7 74. Rd7+ Ke8 75. Ra7 Rc4+
76. Kd6 Rb4 $2 (76... Rd4 $1 77. Ra8+ Kf7 78. Rd8 Ra4 $1 79. Rc8 (79. Kc7 Ra7+
80. Kb6 Ke7 $11) 79... Rd4 $1 80. Kc6 Ke7 $11) 77. Ra8+ Kf7 78. Kc7 Rc4+ 79.
Kd7 Rd4 80. d6 Rd1 81. Ra2 Rf1 82. Kd8 Re1 83. d7 Rf1 84. Rc2 Ra1 85. Kc7 Ra7+
86. Kd6 Ra6+ 87. Rc6 1-0

[Event "Olympiad-37"]
[Site "Turin"]
[Date "2006.05.23"]
[Round "3"]
[White "Eljanov, Pavel"]
[Black "Kosic, Dragan"]
[Result "1-0"]
[WhiteElo "2665"]
[BlackElo "2482"]
[Annotator "Mueller,Karsten"]
[PlyCount "99"]
[EventDate "2006.05.21"]
[EventType "team-swiss"]
[EventRounds "13"]
[EventCountry "ITA"]
[SourceTitle "CBM 113"]
[Source "ChessBase"]
[SourceDate "2006.07.31"]
[SourceVersion "1"]
[SourceVersionDate "2006.07.31"]
[SourceQuality "1"]
[WhiteTeam "Ukraine"]
[BlackTeam "Yugoslavia"]
[WhiteTeamCountry "UKR"]
[BlackTeamCountry "YUG"]

1. d4 e6 2. c4 Bb4+ 3. Nd2 c5 4. a3 Bxd2+ 5. Qxd2 cxd4 6. Nf3 Nf6 7. Nxd4 O-O
8. e3 d5 9. b3 a6 10. Bb2 dxc4 11. Bxc4 b5 12. Be2 Bb7 13. f3 Nc6 14. Nxc6
Qxd2+ 15. Kxd2 Bxc6 16. e4 Rfd8+ 17. Ke3 Be8 18. Rac1 Rdc8 19. Rxc8 Rxc8 20.
Rc1 Rxc1 21. Bxc1 Bc6 22. Kd4 Nd7 23. Kc3 Nc5 24. Be3 Nb7 25. Bb6 a5 26. Kd4 f6
27. f4 Kf7 28. h4 Ke7 29. g4 Kd6 30. e5+ fxe5+ 31. fxe5+ Ke7 32. Bd3 g6 33. h5
gxh5 34. gxh5 h6 35. Be2 Kf7 36. Kc3 Kg7 37. Bd3 Kf7 38. b4 a4 39. Be3 Kg7 40.
Kd4 Be8 41. Be2 Bc6 42. Bf4 Kh7 43. Bf1 Kg7 44. Bd3 $1 {[%mdl 4096] That
dangerous endgame weapon zugzwang breaks open Black's fortress. Die scharfe
Endspielwaffe Zugzwang sprengt die schwarze Festung.} Be8 45. Be4 Nd8 46. Kc5
Bxh5 47. Kxb5 Be8+ (47... Bg6 48. Bg2 Bc2 49. Kb6 Kg6 50. Kc7 Kf5 51. Bh2 Nf7
52. b5 $18) 48. Kc5 h5 49. Bg5 Nf7 50. Bf6+ 1-0

[Event "Olympiad-37"]
[Site "Turin"]
[Date "2006.06.02"]
[Round "11"]
[White "Hamdani, Rudin"]
[Black "Roussel Roozmon, Thomas"]
[Result "0-1"]
[WhiteElo "2364"]
[BlackElo "2419"]
[Annotator "Mueller,Karsten"]
[PlyCount "184"]
[EventDate "2006.05.21"]
[EventType "team-swiss"]
[EventRounds "13"]
[EventCountry "ITA"]
[SourceTitle "CBM 113"]
[Source "ChessBase"]
[SourceDate "2006.07.31"]
[SourceVersion "1"]
[SourceVersionDate "2006.07.31"]
[SourceQuality "1"]
[WhiteTeam "Indonesia"]
[BlackTeam "Canada"]
[WhiteTeamCountry "INA"]
[BlackTeamCountry "CAN"]

1. d4 Nf6 2. Nf3 e6 3. c4 Bb4+ 4. Bd2 Qe7 5. Nc3 Nc6 6. g3 O-O 7. Bg2 Bxc3 8.
Bxc3 Ne4 9. Rc1 d6 10. Qc2 Nxc3 11. Qxc3 e5 12. d5 Nd8 13. c5 f5 14. O-O b6 15.
cxd6 cxd6 16. Qc7 Rf7 17. Qxe7 Rxe7 18. e4 Nf7 19. Rfe1 fxe4 20. Nd2 Bb7 21.
Bxe4 Rc8 22. Rxc8+ Bxc8 23. Rc1 Bb7 24. h4 Kf8 25. Nf1 g6 26. Ne3 Nh6 27. g4
Rf7 28. f3 Ke8 29. Kf2 Kd8 30. Kg3 Ng8 31. g5 Ne7 32. Ng4 Nf5+ 33. Bxf5 Rxf5
34. Nf6 Rf4 35. Nxh7 Bxd5 36. Rc3 Bxa2 37. Nf6 Bb1 38. Ra3 a5 39. Nd5 Rd4 40.
Nxb6 Kc7 41. Na4 Bf5 42. Nc3 Rd3 43. Kf2 Kb6 44. Rb3+ Kc6 45. Ra3 Rd2+ 46. Kg3
Rxb2 47. Rxa5 Rb3 48. Ne2 Be4 49. Ng1 Bxf3 50. Nxf3 e4 51. Ra7 Rxf3+ 52. Kg2
Rf4 53. Kg3 Rf3+ 54. Kg2 d5 55. Rg7 d4 56. Rxg6+ Kd5 57. Rg8 Ra3 58. h5 Ra2+
59. Kg3 Ra3+ 60. Kg4 Ra1 61. Rd8+ Kc4 62. h6 Rh1 63. Kf4 e3 64. Re8 Kd3 65. g6
Rxh6 66. g7 Rf6+ {[%tqu "En","White to play and draw.","","","f4e5","",0,
"f4g5","",3,"De","Weiß zieht und hält remis.","","","f4e5","",0,"f4g5","",3]}
67. Ke5 $2 (67. Kg5 $1 Rf1 68. g8=Q Rg1+ 69. Kf4 Rxg8 70. Rxg8 e2 71. Rg1 Kd2
72. Ke4 d3 73. Rh1 e1=Q+ 74. Rxe1 Kxe1 75. Kxd3 $11) 67... Rg6 68. g8=Q Rxg8
69. Rxg8 e2 70. Rg1 Ke3 71. Rg3+ Kf2 72. Rd3 e1=Q+ 73. Kxd4 Qb4+ 74. Kd5 Ke2
75. Rd4 Qb5+ 76. Ke4 Qg5 77. Rd5 Qg4+ 78. Ke5 Ke3 79. Kd6 Qb4+ 80. Kc6 Ke4 81.
Rd6 Qc4+ 82. Kb6 Ke5 83. Rc6 Qb4+ 84. Ka6 Kd5 85. Rb6 Qa4+ 86. Kb7 Kc5 87. Ra6
Qd7+ 88. Kb8 Kb5 89. Ra7 Qd8+ 90. Kb7 Qd5+ 91. Kb8 Qd6+ 92. Kb7 Qd8 0-1

[Event "EU-ch 16th"]
[Site "Jerusalem"]
[Date "2015.02.27"]
[Round "4"]
[White "Navara, David"]
[Black "Najer, Evgeniy"]
[Result "1/2-1/2"]
[WhiteElo "2735"]
[BlackElo "2634"]
[Annotator "Navara,D"]
[PlyCount "56"]
[EventDate "2015.02.24"]
[EventType "swiss"]
[EventRounds "11"]
[EventCountry "ISR"]
[SourceTitle "CBM 166"]
[Source "ChessBase"]
[SourceDate "2015.05.11"]
[SourceVersion "1"]
[SourceVersionDate "2015.05.11"]
[SourceQuality "1"]

{This game was played in the fourth round on the 1st board. Still, no one
could know that it was the encounter between the winner and his closest
pursuer. Another interesting thing is that the game started on Friday at 11 AM,
as the organisers had scheduled a rest day on Saturday and an earlier start of
the round the day before for religious reasons.} 1. d4 Nf6 {I rather expected
the Slav Defence.} 2. c4 e6 {This was a real surprise. Two rounds earlier GM
Najer played the King's Indian Defence and won in style.} 3. Nf3 Bb4+ 4. Nbd2
O-O 5. a3 Be7 6. e4 d5 7. e5 Nfd7 8. Bd3 ({There is nothing wrong with} 8. b4 {
, but this time I was in a more aggressive mood. I also had some ideas to show.
} {After} a5 9. b5 c5 {Black gets counterplay, but I still slightly prefer
White.}) 8... c5 9. h4 g6 (9... cxd4 $4 {would be a grave mistake because of}
10. Bxh7+ $1 {. After} Kxh7 11. Ng5+ {White develops a winning attack.}) 10. h5
cxd4 11. Qc2 ({Black is more or less fine after} 11. hxg6 fxg6 12. Qc2 Qe8 13.
O-O Nc6 {.}) ({Earlier this year I played} 11. Nb3 {against GM Timman, who
also surprised me with this line. He quickly went astray with} dxc4 $6 (11...
Nc6 {leads to equality. Black can meet Bc1-f4 with g6-g5-g4, thereby winning
the e5-pawn. White gets decent compensation, but not more than that.}) 12. Bxc4
$6 ({My preparation continued with} 12. hxg6 $1 cxd3 13. g7 $1 Kxg7 {, but
after a long time I was unable to recall} 14. Nfxd4 $1 {with a strong attack.})
12... b5 $6 (12... Qc7 13. Qe2 $36) 13. Bd3 Bb7 {, when Black was in a deep
trouble after} 14. Qd2 $1 {and lost quickly. Grandmaster Timman is a great
player, but he was in very poor form during the tournament.} g5 {was the best
move, but White maintains an edge after} (14... Bxf3 $2 15. Qh6 Nxe5 16. hxg6
$1 Nxd3+ 17. Kf1 $18) 15. Bc2 $1 Bxf3 16. Qd3 f5 17. exf6 Nxf6 18. Qxf3 {.})
11... Nc5 12. Bf1 (12. cxd5 exd5 (12... Nxd3+ 13. Qxd3 Qxd5 14. Ne4 Nc6 15. Bh6
Qa5+ (15... Bd7 $5 {was one of my suggested improvements for Black. The play
might continue} 16. Bxf8 Rxf8 17. Rd1 Nxe5 18. Nxe5 Qxe5 19. Qxd4 Qxd4 20. Rxd4
Bc6 {with decent compensation.}) 16. Qd2 Qxd2+ 17. Kxd2 Rd8 18. hxg6 fxg6 19.
Bg5 h5 20. g4 Bxg5+ 21. Nfxg5 Nxe5 22. gxh5 Nc4+ 23. Ke1 Bd7 24. b3 Na5 25. Rc1
Bc6 26. hxg6 Bxe4 27. Nxe4 Kg7 28. Rc7+ Kxg6 29. Rg1+ Kf5 30. f3 e5 31. Rg5+
Kf4 32. Kf2 Rf8 33. Rh7 {1-0 (33) Giri,A (2734)-Naiditsch,A (2718) Wijk aan
Zee 2014 CBM 159 [Krasenkow,M]}) 13. hxg6 (13. Nxd4 Nc6 14. N2f3 Nxd4 15. Nxd4
Qc7 $11) 13... Nxd3+ (13... fxg6 $4 14. Bxg6 $1) 14. Qxd3 fxg6 {looks playable
for Black. I still prefer White's position here, but that was the case on move
1, too.}) 12... a5 $5 {I mentioned this move in my comments to the Giri -
Naiditsch game from Wijk aan Zee 2014. My comments were published on the Czech
chess website www.nss.cz and also included 11.Nb3 and the idea of the queen
switch to h6. Had GM Timman read it, he might have done better!} ({After} 12...
d3 13. Bxd3 Nxd3+ 14. Qxd3 dxc4 {White has two promising options, both of
which I mentioned in my comments from 2014. Perhaps my future opponents should
learn Czech?!} 15. Qxd8 (15. Qe3 g5 16. Nxc4 $1 {is also promising for White.
This was also mentioned by GM Dejan Antic.}) 15... Rxd8 16. hxg6 fxg6 17. Ne4
Nc6 18. Bg5 h5 19. Bxe7 Nxe7 20. g4 $1 {White developed a strong attack. Had
he not suffered from excessive respect for his strong opponent, he might have
won the game.} b5 21. Nf6+ Kg7 22. gxh5 gxh5 23. Rxh5 Rh8 24. Rxh8 Kxh8 25.
O-O-O Kg7 26. Rg1+ Kf8 27. Rh1 Nf5 28. Rh7 Ng7 29. Ng5 Bb7 30. Nd7+ Kg8 31.
Nf6+ Kf8 32. Nd7+ Kg8 33. Nf6+ {1/2 (33) Fabian,G (2336)-Mareco,S (2580) Villa
Martelli 2013. I faced Sandro Mareco in the World Cup several months after
this game. No wonder that I knew it!}) 13. Nxd4 dxc4 ({My preparation ended
with} 13... Nc6 {. During the game I was tempted to switch the queen to h6
once more, but here such a plan might backfire if Black reacts accurately:} 14.
Nxc6 (14. N2f3 $5 Nxd4 15. Nxd4 dxc4 16. Qxc4 Qc7 $11) 14... bxc6 15. Nf3 a4
16. Qd2 $2 (16. Rb1 $13) 16... g5 $1 17. Nxg5 $2 Nb3 {.}) 14. N2f3 (14. Qxc4
Nc6 15. N2f3 Nxd4 16. Nxd4 Qc7 $11) 14... g5 {This move surprised me a lot. I
quickly found the bishop switch which looked decisive to me, but it turned out
that my opponent had taken it into account.} ({I expected} 14... Nd3+ 15. Bxd3
cxd3 16. Qxd3 Nc6 {, when} 17. Nxc6 $5 {achieves nothing in view of} bxc6 ({
, while} 17... Qxd3 $4 {would lose to} 18. Nxe7+ Kh8 (18... Kg7 19. Bh6+ $1)
19. Bg5 f5 20. hxg6 $18 {with mate to follow.})) 15. Bxc4 ({Another
possibility was} 15. Be3 Nbd7 $1 ({I mostly focused on} 15... Nd3+ 16. Bxd3
cxd3 17. Qxd3 Nc6 {, but White appears slightly better after} 18. Rd1 $14 {.})
16. O-O-O g4 17. Nd2 Nxe5 {with mutual chances.}) (15. Qxc4 b6 $11) 15... g4
16. Ba2 {I knew this motif from the game Navara - Timman. It looks crushing,
but it is not so.} ({After} 16. Bh6 gxf3 17. gxf3 Kh8 18. Rg1 (18. O-O-O $4 {
fails to} Bg5+ {.}) 18... Rg8 19. O-O-O Rxg1 20. Rxg1 Qxd4 {White can repeat
the moves. I have not seen} 21. Rg7 {, but it also leads to equality:} (21.
Bg7+ $11) 21... Ne4 $1 22. Bd3 Nc6 23. Bxe4 Nxe5 24. Rxh7+ Kg8 25. Rg7+ Kh8 26.
f4 Bd7 $1 27. fxe5 Rc8 28. Rh7+ $11) 16... Nbd7 $1 {I completely missed this
move. Black is ready to meet 17.Bb1 with f7-f5.} 17. Ng5 $1 ({The alternative} 
17. Bb1 f5 18. exf6 Nxf6 19. Ng5 (19. Bg5 $2 Nfe4) 19... Qxd4 20. Nxh7 Qe4+ $36
{looks favourable for Black.}) 17... Bxg5 18. Bb1 f5 19. exf6 Nxf6 20. Bxg5
Qxd4 21. Be3 {White is forced to retreat the bishop, as the direct attack
fails.} (21. Bxf6 Rxf6 22. Qxh7+ Kf8 {Now} 23. O-O ({The alternative line is
bad for White:} 23. Qh8+ Ke7 24. Qg7+ Kd6 25. O-O Rf4 26. h6 Bd7 27. Bh7 {
and now Houdini's suggestion} Ba4 $1 $17 {promises Black a serious edge.})
23... Rf7 24. Qh6+ $15 {might surprisingly offer some compensation.}) 21... Qe4
22. Qxc5 Qxg2 23. Rf1 ({I did not consider} 23. Rh4 $5 {seriously. Still,} Bd7
24. Qg5+ Kh8 25. Bxh7 Kxh7 26. Qg6+ Kh8 27. Qh6+ {leads to a perpetual, as} Nh7
$4 {fails to} 28. Bd4+ {.}) (23. Qg5+ Kh8 24. Rf1 $6 (24. Rh4 $1 {followed by
25.Bxh7 still maintains the balance.}) 24... Qd5 $15 {is worse than the game
continuation, as White's bishop would be better placed on c5 than on g5.})
23... Qd5 24. f3 $5 (24. Ba2 $44 {was a decent alternative to the text. After}
Qxh5 25. Qxh5 Nxh5 26. Rc1 $5 {White's initiative compensates for the missing
material.}) 24... b6 $1 {I spotted this move only after playing 24.f3 and was
not happy to see it played.} (24... Qxh5 25. fxg4 Qxc5 26. Bxc5 Rf7 27. g5 $14)
25. Qxd5 ({After some hesitation, I rejected} 25. Qxb6 $2 {on general grounds,
as my king looked far too weak.} {After} Ba6 $1 ({White would be alright after
} 25... gxf3 $2 26. Ba2 Qxh5 27. Rg1+ Kh8 28. O-O-O $1 {.}) 26. Ba2 Qd3 $1 $19
27. Rf2 g3 {(Najer) Black wins outright.}) 25... Nxd5 26. Bh6 $6 (26. Bd4 $5
$11 {might have been more accurate.}) 26... Rf6 $6 {I felt relieved to see
this move.} (26... Ba6 $1 {would be more challenging:} 27. Rg1 ({I would
probably chose} 27. Bxf8 Bxf1 28. Bh6 {, but after} Bg2 $1 29. fxg4 Bf3 {
White needs to worry about maintaining the balance.}) 27... Rxf3 {White
equalises after} 28. Be4 $1 (28. Rxg4+ $6 Kf7 29. Rg7+ Kf6 {is favourable for
Black}) 28... Rh3 29. Rxg4+ (29. Rd1 $5) 29... Kf7 30. Rd1 $11 Rxh5 31. Rg7+
Kf6 32. Rxh7 {, but the position still remains tricky after} Rg8 {.}) 27. Bg5
Rxf3 (27... Ba6 28. Bxf6 Bxf1 29. Bd4 Bh3 30. Be4 $11) 28. Rxf3 gxf3 {Here
Black offered a draw. I planned to play 29.Be4 followed by either 30.Kf2, or
30.Bxf3 and eventually 31.0-0-0, depending on the circumstances. Grandmaster
Najer suggested 29.Kf2!?, which might be slightly more accurate. Both
continuations lead to approximate equality. I mostly prefer material to
activity, therefore I was happy to draw the game without the necessity to
prove the compensation. In the end, grandmaster Najer scored 8.5/11 and
deservedly won the event. Congratulations! I shared 2nd place together with my
good friend Mateusz Bartel and with Denis Khismatullin. I would like to thank
everybody who has helped me to achieve such a result.} 1/2-1/2